| 000 | 00778cam a2200313 4500 | ||
|---|---|---|---|
| 001 | J85591 | ||
| 008 | 090401t1997 xxu||||| |||| 00| 0 eng d | ||
| 035 | _a(Sirsi) u80012 | ||
| 041 | _aeng | ||
| 050 | _a333.3370942496 | ||
| 110 |
_aJones Lang Wootton _92909 |
||
| 245 | _aBirmingham city report. - May 1997 | ||
| 260 |
_aBirmingham _bJones Lang Wootton _c1997 |
||
| 300 | _a(11)p. ; 30cm. | ||
| 350 | _a0 | ||
| 650 | _aBIRMINGHAM | ||
| 650 | _aPROPERTY-COMMERCIAL PROPERTY | ||
| 650 | _aCOVENTRY | ||
| 650 | _aHOTELS | ||
| 650 | _aINDUSTRIAL PROPERTY | ||
| 650 | _aOFFICES | ||
| 650 | _aRENT | ||
| 650 | _aRETAIL PROPERTY | ||
| 650 | _aSOLIHULL | ||
| 650 | _aWAREHOUSES | ||
| 690 | _aPROPERTY-COMMERCIAL PROPERTY | ||
| 942 | _n0 | ||
| 948 | _c30/07/1997 | ||
| 999 |
_c96581 _d96581 |
||